| 000 | 01633cas a22004697ar4500 | ||
|---|---|---|---|
| 005 | 20220329142013.0 | ||
| 008 | 990120d19381979us br p rnn 0 b0eng d | ||
| 010 | _a76918 | ||
| 011 | _a77890 | ||
| 035 | _a87642 | ||
| 245 | 0 | 0 |
_aLloydia : _bThe Journal of Natural Products _c/by The Lloyd Library and Museum and The American Society of Pharmacognosy |
| 260 | 0 |
_aColumbus, Ohio : _bThe Lloyd Library and Museun and The American Society of Pharmacognosy, _c1938-1979 |
|
| 300 | _av. | ||
| 310 | _aBimestral | ||
| 321 | _aTrimestral | ||
| 362 | _av.41 n.1, 1978 | ||
| 590 |
_aBATCH-UPD _b10 _c20130110 _lUCH01 _h0520 |
||
| 590 |
_aBATCH-UPD _b10 _c20130410 _lUCH01 _h0159 |
||
| 590 |
_aBATCH-UPD _b10 _c20130914 _lUCH01 _h1950 |
||
| 590 |
_aCONVERSION _b10 _c20130109 _lUCH01 _h1342 |
||
| 650 | 1 | 4 |
_aQuĆmica _xPublicaciones periódicas. _993571 |
| 785 | _tJournal of Natural Products | ||
| 866 | _av.11 n.3 (1948) | ||
| 866 | _av.12 n.1-3 (1949) | ||
| 866 | _av.13 n.2-v.14 n.2 (1950-1951) | ||
| 866 | _av.15 n.1-2,4 (1952) | ||
| 866 | _av.16 n.1,4 (1953) | ||
| 866 | _av.17 n.4 (1954) | ||
| 866 | _av.18 n.2,4 (1955) | ||
| 866 | _av.19 n.1-4 (1956) | ||
| 866 | _av.20 n.2-4 (1957) | ||
| 866 | _av.22 n.2 (1959) | ||
| 866 | _av.23 n.2,4 (1960) | ||
| 866 | _av.25 n.2-3 (1962) | ||
| 866 | _av.26 n.1 (1963) | ||
| 866 | _av.27 n.1-3 (1964) | ||
| 866 | _av.28 n.1-3 (1965) | ||
| 866 | _av.29 n.1-v.42 n.6 (1966-1979) | ||
| 866 | _av.9 n.1-4 (1946) | ||
| 901 | _aSE | ||
| 905 | _aMa. del Socorro Iturbe C. | ||
| 999 |
_c76918 _d76918 |
||